Statistiken für Größte Seen der Welt

Klicken Sie hier um das Quiz zu spielen!

Allgemein

  • Dieses Quiz wurde 1.520 mal gespielt
  • Das Durchschnittsergebnis liegt bei 9 aus 20

Antwortstatistiken

FlächeKontinentSee% Korrekt
68'870AfrikaVictoriasee
86%
436'000Asien/EuropaKaspisches Meer
79%
58'000NordamerikaMichigansee
74%
31'500AsienBaikalsee
74%
25'700NordamerikaEriesee
71%
8'372SüdamerikaTiticacasee
61%
59'600NordamerikaHuronsee
61%
82'100NordamerikaOberer See
59%
18'960NordamerikaOntariosee
53%
29'500AfrikaMalawisee
43%
32'600AfrikaTanganyikasee
35%
18'130EuropaLadogasee
34%
31'000NordamerikaGroßer Bärensee
31%
27'000NordamerikaGroßer Sklavensee
27%
24'514NordamerikaWinnipegsee
19%
9'720EuropaOnegasee
19%
8'264NordamerikaNicaraguasee
15%
16'400AsienBalchaschsee
12%
12'500AntarktikaWostoksee
8%
7'850NordamerikaAthabascasee
8%

Verteilung der Resultate

Perzentil nach korrekt beantworteten Fragen

Anzahl Personen mit jedem Resultat

Ihre Resultats-Entwicklung

Sie haben dieses Quiz noch nicht gespielt